| 000 | 01114nam a22003377a 4500 | ||
|---|---|---|---|
| 003 | CHAP | ||
| 005 | 20220817042626.0 | ||
| 008 | 971013s1974 br r 00010 spa d | ||
| 010 | _a50268 | ||
| 011 | _a51240 | ||
| 035 | _a55390 | ||
| 040 | _cCHAP | ||
| 082 | 0 | 4 |
_a634 _bP5 |
| 100 | 0 | 0 |
_aPinto, Aloisio de Arruda. _988298 |
| 245 | 1 |
_aBibliografía de fruticultura _b: artigos de periódicos |
|
| 260 |
_aVicosa : _bUniversidade Federal de Vicosa, _c1974 |
||
| 300 | _a215 p. | ||
| 490 |
_aSerie bibliografías especializadas _v; 7 |
||
| 590 |
_aBATCH-UPD _b10 _c20130110 _lUCH01 _h0749 |
||
| 590 |
_aBATCH-UPD _b10 _c20130110 _lUCH01 _h2350 |
||
| 590 |
_aBATCH-UPD _b10 _c20130410 _lUCH01 _h0429 |
||
| 590 |
_aBATCH-UPD _b10 _c20130914 _lUCH01 _h1447 |
||
| 590 |
_aCONVERSION _b10 _c20130109 _lUCH01 _h1327 |
||
| 650 | 1 | 4 |
_aFruticultura _xBibliografía. _943702 |
| 700 | 0 |
_aBicalho, Maria Dias. _912600 |
|
| 710 | 0 |
_aUniversidade Federal de Vicosa. _9116592 |
|
| 830 | 0 |
_aSerie bibliografias especializadas _v; 7 |
|
| 901 | _aBK | ||
| 942 | _cLIBRO | ||
| 949 |
_a634 P5 _bBC _cC _d33724000568564 _eC _h41875 _i55390 _mD _si |
||
| 999 |
_c50268 _d50268 |
||